000 00305nam a22001337a 4500
008 181025b xxu||||| |||| 00| 0 eng d
020 _a9781319063009
041 _aeng
080 _a370
100 _a47
101 _aEDU
245 _aIn Conversation A Writers Guidebook
_cMike.P
942 _2udc
_cBK
999 _c50913
_d50913